| 000 | 00770nam a2200181 a 4500 | ||
|---|---|---|---|
| 001 | 2009 | ||
| 005 | 20140414132041.0 | ||
| 008 | 050216s19uu xx 00 eng d | ||
| 020 | _a0-02-277386-X | ||
| 050 |
_aBB _bH73 bk. 1 |
||
| 245 |
_aBig book 1: health / _cSusan C. Giarratano-Russell, et al. |
||
| 260 |
_aNew York : _bMcGraw-Hill School Division, _c2000. |
||
| 300 | _a50 p. : ill. ; cm. | ||
| 440 | _aMcGraw-Hill | ||
| 500 | _aContents: Personal health--Growth and development--Emotional and Intellectual Health--Family and Social Health--Physical activity and fitness--Disease prevention and control--Alcohol, Tobacco and Drugs--Safety and Injury Prevention--Community and Environmental Health. | ||
| 650 |
_aHealth _xJuvenile literature. |
||
| 999 |
_c113847 _d113847 |
||